| 000 | 00447cam a2200169 4500 | ||
|---|---|---|---|
| 020 | _a0394317114 | ||
| 040 | _cDLC | ||
| 082 | 0 | 0 | _a328 RAN 1973 A021 Or. |
| 100 | 1 | _aJewell, Malcolm Edwin, | |
| 245 | 1 | 4 | _aThe legislative process in the United States, |
| 250 | _a2d ed. | ||
| 260 |
_aNew York, _bRandom House _c[1973] |
||
| 300 |
_axx, 565 p. _billus. _c25 cm. |
||
| 650 | 0 | _aLegislative bodies | |
| 700 | 1 | _aPatterson, Samuel C., | |
| 942 | _cEK | ||
| 999 |
_c12663 _d12663 |
||